| 000 | 00765nam a22002177a 4500 | ||
|---|---|---|---|
| 999 |
_c615 _d615 |
||
| 003 | AR-CdUCM | ||
| 008 | 190225b ||||| |||| 00| 0 spa d | ||
| 040 |
_aMUNICIPALIDAD PROVINCIAL DEL CUSCO _cBIBLIOTECA MUNICIPAL DEL CUSCO |
||
| 082 |
_a923.3 / _bK48 _22 ed. |
||
| 100 |
_aHarrod, R.F _92401 |
||
| 245 | _aLa vida de Jhon Maynard Keynes / | ||
| 260 |
_aMexico : _bGráfica Panamericana, _c1958 |
||
| 300 |
_a777 paginas ; _b11 ilustraciones _c21 cm. |
||
| 505 | _aEl hogar y Eton --Estudiante de Cambridge --En buscar una forma de vivir --Fellow del king's --Bloomsbury ... | ||
| 650 |
_aHistoria _9246 |
||
| 650 |
_aBiografia _9437 |
||
| 650 |
_aEconomica _92402 |
||
| 650 |
_aCrecimiento económico _92403 |
||
| 942 |
_2ddc _cLIBROS |
||
| 945 |
_arjall _d2019-02-25 |
||